Score 0/18 Timer 01:00
0 Plays Today
% Correct
Once
92.6%
Bridge
90.8%
Door
90.6%
Past
90.5%
Paris
89.7%
Rumor
88.7%
End
88.7%
Dreams
88.2%
Crowd
87.7%
% Correct
Learn
87.5%
Kept
86.8%
Common
86.6%
There
85.5%
Meant
85.5%
Pray
83%
Win
78.6%
Flows
78%
Land
77.1%
Remove Ads.
Support Sporcle.
Get the best of Sporcle when you Go Orange. This ad-free experience offers more features, more stats, and more fun while also helping to support Sporcle. Thank you for becoming a member.

You're not logged in!

Compare scores with friends on all Sporcle quizzes.
OR
Log In

Show Comments

Extras

Top Quizzes Today


Score Distribution

Your Account Isn't Verified!

In order to create a playlist on Sporcle, you need to verify the email address you used during registration. Go to your Sporcle Settings to finish the process.

Report this User

Report this user for behavior that violates our Community Guidelines.

Details: